logo

Bir Sreshtho Munshi Abdur Rouf Library
Jhenaidah Cadet College

The weather / (Record no. 9923)

MARC details
000 -LEADER
fixed length control field 00641cam a22002412 4500
001 - CONTROL NUMBER
JCCL Control Number 9923
003 - CONTROL NUMBER IDENTIFIER
JCCL marc code BD - JhCC
005 - DATE AND TIME OF LATEST TRANSACTION
control field 20180403134840.0
008 - FIXED-LENGTH DATA ELEMENTS--GENERAL INFORMATION
fixed length control field 180403s1974 enka j 001 0 eng d
020 ## - INTERNATIONAL STANDARD BOOK NUMBER
International Standard Book Number 0356044556
035 ## - SYSTEM CONTROL NUMBER
system control number OCLC ocm11639854 from D970709M
-- (BD - JhCC)9923
040 ## - CATALOGING SOURCE
Original cataloging agency EUT
Transcribing agency EUT
Modifying agency EQO
-- BD - JhCC
041 ## - LANGUAGE CODE
Language code of Book eng
082 ## - DEWEY DECIMAL CLASSIFICATION NUMBER
Author mark and Year BAI 1974
Classification number 551.5
100 1# - MAIN ENTRY--PERSONAL NAME
Personal name Bailey, Bill.
245 14 - TITLE STATEMENT
Title The weather /
Statement of responsibility, etc Bill Bailey.
260 ## - PUBLICATION, DISTRIBUTION, ETC. (IMPRINT)
Place of publication, distribution, etc London :
Name of publisher, distributor, etc Macdonald Educational,
Date of publication, distribution, etc 1974.
300 ## - PHYSICAL DESCRIPTION
Pagination 48 p. :
Other physical details ill. (part col.) ;
Dimensions 29 cm.
490 0# - SERIES STATEMENT
Series statement Visual books
650 #0 - SUBJECT ADDED ENTRY--TOPICAL TERM
Topical term or geographic name as entry element Weather.
942 ## - ADDED ENTRY ELEMENTS (KOHA)
Source of classification or shelving scheme Dewey Decimal Classification
Koha item type Reference
Holdings
Source of classification or shelving scheme Damaged status Not for loan Home library Current library Shelving location Date of accession Total Checkouts Full call number Barcode Date last seen Copy number Koha item type
Dewey Decimal Classification     JCC Rouf Library JCC Rouf Library General Stacks 04/03/2018   551.5 BAI 1974 13420 04/03/2018 C-1 Reference

JCC Library | Contacts | JCC Home

Last Update on 23 September 2017
Copyright @ 2017-2020 JCC Rouf Library
Rouf Library, Jhenidah Cadet College (JCC), Bangladesh